[Event "Brasileiro de Jovens 2012 - Absoluto"]
[Site "Sao Paulo"]
[Date "2012.02.18"]
[Round "2.3"]
[White "Feliciano Ebert, Vanessa"]
[Black "Gotz, Klaus Seiji Furucho"]
[Result "1/2-1/2"]
[WhiteElo "2194"]
[BlackElo "1929"]
[PlyCount "96"]
[EventDate "2012.02.18"]

1. d4 Nf6 2. c4 g6 3. Nc3 Bg7 4. e4 d6 5. f4 O-O 6. Nf3 Na6 7. Be2 e5 8. fxe5
dxe5 9. d5 Nc5 10. Qc2 a5 11. O-O Ne8 12. Be3 Qe7 13. b3 f5 14. a3 Nf6 15. Nd2
Ncxe4 16. Ndxe4 Nxe4 17. Nxe4 fxe4 18. Rxf8+ Qxf8 19. c5 Bf5 20. g4 Bd7 21.
Qxe4 Rd8 22. Bc4 Kh8 23. b4 Qe7 24. Rf1 axb4 25. axb4 Rf8 26. Rxf8+ Qxf8 27. b5
Qe7 28. d6 cxd6 29. Qd5 Qe8 30. cxd6 Bxg4 31. Qxb7 Bh3 32. b6 e4 33. Qd5 Qc8
34. Qxe4 Bf5 35. Qd5 Bh3 36. d7 Bxd7 37. b7 Qe8 38. b8=Q Qxb8 39. Qxd7 Qb1+ 40.
Bf1 Qb4 41. Kf2 Qh4+ 42. Kg1 Qb4 43. Bd3 Qe1+ 44. Kg2 Qb4 45. Kf3 Qa3 46. h4
Qf8+ 47. Ke2 Qb4 48. h5 gxh5 1/2-1/2